000 00579nam a2200181Ia 4500
005 20250508160241.0
008 008 250505s9999 xx 000 0 eng d
037 _aBooks to be hide in OPAC
040 _aFEDL
_beng
_cFEDL
041 _aeng
_2eng
084 _a016.5, INT/O
_qFEDL
245 0 _aBibliography of doctorate theses in science and arts accepted by Indian universities
245 4 _cThe Inter-University Board of India
260 _aDelhi, India
_bP And O Printing
_c1953
300 _a33p
942 _cHB
_h016.5, INT/O
999 _c1363066
_d1363066